Od idealizovanej vízie k degradovanému objektu: obraz hrdiniek cez prizmu rozprávača v románoch abbého Prévosta

Krátka charakteristika tvorby románopisca abbého Prévosta. Vrcholné diela : Príbeh rytiera Des Grieux a Manon Lescaut. Hrdinky románov : Manon, Théophé, Helena - hrdinky v zajatí rozprávača.

Uložené v:
Podrobná bibliografia
Hlavný autor: Tureková, Andrea, 1979-
Médium: Kapitola
Jazyk:Slovak
Predmet:
Tagy: Pridať tag
Žiadne tagy, Buďte prvý, kto otaguje tento záznam!

MARC

LEADER 00000naa a2200000 4500
001 0252758
005 20240502074045.1
041 0 |a slo 
044 |a SK 
245 1 0 |a Od idealizovanej vízie k degradovanému objektu: obraz hrdiniek cez prizmu rozprávača v románoch abbého Prévosta  |c Andrea Tureková 
520 |a Krátka charakteristika tvorby románopisca abbého Prévosta. Vrcholné diela : Príbeh rytiera Des Grieux a Manon Lescaut. Hrdinky románov : Manon, Théophé, Helena - hrdinky v zajatí rozprávača. 
610 2 0 |a literatúra 
610 2 0 |a ženy 
610 2 0 |a emócie 
610 2 0 |a história 
610 2 0 |a Francúzsko 
100 1 |a Tureková, Andrea, 1979-